|
|
|
|
| LEADER |
00000nam0a2200000 4500 |
| 001 |
343077 |
| 005 |
20231102005523.0 |
| 010 |
|
|
|a 9785902665670
|
| 035 |
|
|
|a (RuTPU)RU\TPU\book\372828
|
| 090 |
|
|
|a 343077
|
| 100 |
|
|
|a 20190619d2019 m y0rusy50 ca
|
| 101 |
0 |
|
|a rus
|
| 102 |
|
|
|a RU
|
| 105 |
|
|
|a a j 001zy
|
| 200 |
1 |
|
|a Введение в трубопроводный транспорт нефти, нефтепродуктов и газа
|e [учебное пособие]
|f М. В. Лурье
|g Российский государственный университет нефти и газа им. И. М. Губкина (РГУ Нефти и Газа)
|
| 210 |
|
|
|a Москва
|c ЦентрЛитНефтеГаз
|d 2019
|
| 215 |
|
|
|a 127 с.
|c ил.
|
| 320 |
|
|
|a Библиография в конце разделов
|
| 330 |
|
|
|a Настоящая книга представляет собой учебное пособие для студентов нефте газовых университетов, избравшим в качестве своей будущей специальности трубопроводный транспорт нефти и газа. В простой и доступной форме излагаются основные технологии трубопроводного транспорта нефти, нефтепродуктов и газа, описыва ются принципы работы соответствующих трубопроводных систем, а также отдельных их элементов. Для удобства изложения материал книги разделен на три части, соответствующих каждому виду трубопроводного транспорта. В конце каждой части приводится список литературы, рекомендуемой для более детального ознакомления с излагаемым материалом. Книга предназначена, прежде всего, студентам младших курсов нефтегазовых университетов и факультетов нефтегазового профиля, а также специалистам, работающим нефтегазовой отрасли, но не имеющим профильного образования области трубопроводного транспорта.
|
| 606 |
1 |
|
|a Трубопроводный транспорт нефти и газа
|x Горное дело
|2 stltpush
|3 (RuTPU)RU\TPU\subj\61734
|9 78897
|
| 610 |
1 |
|
|a нефтепроводный транспорт
|
| 610 |
1 |
|
|a нефть
|
| 610 |
1 |
|
|a нефтепродукты
|
| 610 |
1 |
|
|a газ
|
| 610 |
1 |
|
|a нефтепродуктопроводы
|
| 610 |
1 |
|
|a газопроводы
|
| 610 |
1 |
|
|a газовые сети
|
| 610 |
1 |
|
|a учебные пособия
|
| 675 |
|
|
|a 622.69(075.8)
|v 4
|
| 700 |
|
1 |
|a Лурье
|b М. В.
|g Михаил Владимирович
|
| 712 |
0 |
2 |
|a Российский государственный университет нефти и газа им. И. М. Губкина (РГУ Нефти и Газа)
|c (Москва)
|c (1998- )
|2 stltpush
|3 (RuTPU)RU\TPU\col\408
|
| 801 |
|
1 |
|a RU
|b 63413507
|c 20190619
|
| 801 |
|
2 |
|a RU
|b 63413507
|c 20190910
|g RCR
|
| 942 |
|
|
|c BK
|
| 959 |
|
|
|a 8/20190619
|d 5
|e 1800,00
|f УФ:4
|f ЧЗТЛ:1
|